| 000 | 00397ntaaa2200169 4500 | ||
|---|---|---|---|
| 003 | 01 | ||
| 005 | 20251027202037.0 | ||
| 008 | 0714s1973 ag 01 | ||
| 040 |
_aAR-BaBN _bspa _cAR-BaBN _eaacr _dRIC |
||
| 082 | _a251.0000 P321 | ||
| 100 |
_aPattison, T. Harwood _99144 |
||
| 245 | _aThe making of the sermon | ||
| 250 | _a1 ed. | ||
| 260 |
_as.l., _c1898 |
||
| 650 |
_apredicas _91354 |
||
| 942 | _cBK | ||
| 999 |
_c15250 _d15250 |
||